00313nam a2200097Ia 45000010005000000080041000050820006000461000065000522450050001172600048001673107241024s9999 xx 000 0 und d aF aRepública Dominicana.Secretaría de Estado de Educación 0aActo de Celebración del Día de la Bandera bSanto Domingo, República Dominicanac2009